Statistical analysis in simple steps using R / (Record no. 158458)

MARC details
000 -LEADER
fixed length control field 00777nam a22002177a 4500
005 - DATE AND TIME OF LATEST TRANSACTION
control field 20181030114921.0
010 ## - LCCN (DPL NO)
LC control number ENG-124406
020 ## - INTERNATIONAL STANDARD BOOK NUMBER
Terms of availability 325.00
International Standard Book Number 9789352807109
035 ## - SYSTEM CONTROL NUMBER
System control number EN-107938
037 ## - SOURCE OF ACQUISITION
Source of stock number/acquisition DBAD/PUB.
082 ## - DEWEY DECIMAL CLASSIFICATION NUMBER
Classification number 519.50285
100 ## - MAIN ENTRY--PERSONAL NAME
Personal name Pandya, Kiran
245 ## - TITLE STATEMENT
Title Statistical analysis in simple steps using R /
Statement of responsibility, etc by Kiran Pandya; Prashant Joshi [and] Smruti Bulsari
260 ## - PUBLICATION, DISTRIBUTION, ETC. (IMPRINT)
Place of publication, distribution, etc New Delhi
Name of publisher, distributor, etc Sage Publications India Pvt. Ltd.
Date of publication, distribution, etc 2018
270 ## - ADDRESS
Address B1/I-1, Mohan Cooperative Industrial Area Mathura Road Post Bag 7
City New Delhi
Postal code 110044
300 ## - PHYSICAL DESCRIPTION
Extent xxiv,307p.(B-1, I-1)
Dimensions 25cm.(Hb)
Other physical details ill.
500 ## - GENERAL NOTE
General note It includes bibliography and index
700 ## - ADDED ENTRY--PERSONAL NAME
Personal name Joshi, Prashant
700 ## - ADDED ENTRY--PERSONAL NAME
Personal name Bulsari, Smruti
942 ## - ADDED ENTRY ELEMENTS (KOHA)
Source of classification or shelving scheme Dewey Decimal Classification
Item type English Books
Call number suffix PAN
Classification part 519.50285
Holdings
Withdrawn status Lost status Not for loan Collection code Home library Current library Date acquired Source of acquisition Cost, normal purchase price Full call number Barcode Copy number Cost, replacement price Koha item type
    Not For Loan Non-fiction D.B.Act.Division Bawana 30/10/2018 DBAD/PUB 325.00 519.50285 PAN EN-107938 1 325.00 English Books

© Delhi Public Library
Hit Counter
free hit counter